The geology and coals of Webster county. (Record no. 26191)

MARC details
000 -LEADER
fixed length control field 01082cam a22002411 4500
001 - CONTROL NUMBER
control field gs 22000377
003 - CONTROL NUMBER IDENTIFIER
control field DLC
005 - DATE AND TIME OF LATEST TRANSACTION
control field 20260227111326.0
008 - FIXED-LENGTH DATA ELEMENTS--GENERAL INFORMATION
fixed length control field 790608s1922 kyuabf s000 0 eng
010 ## - LIBRARY OF CONGRESS CONTROL NUMBER
LC control number gs 22000377
035 ## - SYSTEM CONTROL NUMBER
System control number (OCoLC)5049613
040 ## - CATALOGING SOURCE
Original cataloging agency DLC
Transcribing agency TxCM
Modifying agency DLC
050 00 - LIBRARY OF CONGRESS CALL NUMBER
Classification number QE116.W4
Item number G6
100 1# - MAIN ENTRY--PERSONAL NAME
Personal name Glenn, L. C.
Fuller form of name (Leonidas Chalmers),
Dates associated with a name 1871-
245 14 - TITLE STATEMENT
Title The geology and coals of Webster county.
Remainder of title An economic consideration of the coals, the structure and stratigraphy of this region, to which is added a detailed geological map of Webster county,
Statement of responsibility, etc. by Leonidas Chalmers Glenn. Illustrated with 32 photographs, maps and diagrams.
250 ## - EDITION STATEMENT
Edition statement 1st ed.
260 ## - PUBLICATION, DISTRIBUTION, ETC.
Place of publication, distribution, etc. Frankfort, Ky.,
Name of publisher, distributor, etc. The Kentucky Geological survey,
Date of publication, distribution, etc. 1922.
300 ## - PHYSICAL DESCRIPTION
Extent [6] p., 2 l., 249 p.
Other physical details front., illus., fold. pl., maps, tables, diagrs.
Dimensions 24 cm.
490 1# - SERIES STATEMENT
Series statement Kentucky Geological survey, 1920- series 6. [Geologic reports]
Volume/sequential designation v. 5
650 #0 - SUBJECT ADDED ENTRY--TOPICAL TERM
Topical term or geographic name entry element Geology
Geographic subdivision Kentucky.
650 #0 - SUBJECT ADDED ENTRY--TOPICAL TERM
Topical term or geographic name entry element Coal
Geographic subdivision Kentucky.
810 1# - SERIES ADDED ENTRY--CORPORATE NAME
Corporate name or jurisdiction name as entry element Kentucky.
Subordinate unit Geological survey, 1920-1932. Ser. 6.
Title of a work [Geologic reports] ;
Volume/sequential designation v. 5.

No items available.

Powered by Koha